000 00415nam a22001697a 4500
003 OSt
005 20211119100618.0
008 211119b |||||||| |||| 00| 0 eng d
020 _a8123915311
040 _cH U
082 _a519.522
100 _aAKHILESH,K B
_919491
245 _aMATHEMATICS AND STATISTICS FOR MANAGEMENT
260 _aINDIAN
_bVIKAS PUBLISHING
_c2007
300 _a890
942 _2ddc
_cBOOKS
_n0
999 _c19207
_d19207